A contre-sens 1 ou 2 (Attention spoiler) - Statistiques

Statistiques générales
  • Ce quiz a été pris 1 263 fois
  • Le résultat moyen est 15 sur 19
Statistiques - réponses
Question Réponse % Correct
A contre-sens 1
94%
A contre-sens 1
93%
A contre-sens 2
90%
A contre-sens 1
87%
A contre-sens 1
86%
A contre-sens 2
84%
A contre-sens 1
83%
A contre-sens 1
82%
A contre-sens 1
82%
A contre-sens 2
81%
A contre-sens 2
80%
A contre-sens 1
79%
A contre-sens 2
78%
A contre-sens 1
78%
A contre-sens 1
70%
A contre-sens 2
69%
A contre-sens 2
67%
A contre-sens 2
67%
A contre-sens 2
61%
Aucun quiz correspondant
Distribution des résultats
% des personnes avec chaque résultat
Percentile par nombre de réponses
Votre historique - résultats
Vous n’avez pas pris ce quiz